00366nam a2200145Ia 4500003000400000008004100004040001600045082001300061100002000074245004800094260003100142300001000173650001500183650002200198GCL140319s9999 xx 000 0 eng d aGCL / cGCL04a843bN M1 aNAKAGAMI, KENJI10aLA MER AUX ARBRES MORTS / cNAKAGAMI, KENJI a[S.N] : bFAYARD ، c1977 a315 P04aLITERATURE04aFRENCH LITERATURE